书目信息 |
| 题名: |
英日汉生物工程学辞典
|
|
| 作者: | 刘进元 编著 | |
| 分册: | ||
| 出版信息: | 北京 清华大学出版社 2001.06 |
|
| 页数: | 311页 | |
| 开本: | 16cm | |
| 丛书名: | ||
| 单 册: | ||
| 中图分类: | Q81-61 | |
| 科图分类: | ||
| 主题词: | 生物工程 | |
| 电子资源: | ||
| ISBN: | 7-302-03887-2 | |
| 000 | 00583nam0 2200193 45 | |
| 001 | 0237306787 | |
| 005 | 2002061010214616 | |
| 010 | @a7-302-03887-2@b精装@dRMB 32.00 | |
| 100 | @a20020610d2001 km y0chiy0120 ea | |
| 101 | 0 | @achi |
| 102 | @aCN@b110000 | |
| 200 | 1 | @a英日汉生物工程学辞典@AYing Ri Han Sheng Wu Gong Cheng Xue Ci Dian@f刘进元编著@Fliu jin yuan bian zhu |
| 210 | @a北京@c清华大学出版社@d2001.06 | |
| 215 | @a311页@d16cm | |
| 606 | 0 | @a生物工程 |
| 690 | @aQ81-61@v3 | |
| 701 | 0 | @a刘进元@Aliu jin yuan@4编著 |
| 801 | 0 | @aCN@bPFT@c20020610 |
| 905 | @a安徽大学@dQ81-61@eL630 | |
| 英日汉生物工程学辞典/刘进元编著.-北京:清华大学出版社,2001.06 |
| 311页;16cm |
| ISBN 7-302-03887-2(精装):RMB 32.00 |
| ● |
| 相关链接 |
|
|
|
正题名:英日汉生物工程学辞典
索取号:Q81-61/L630
 
预约/预借
| 序号 | 登录号 | 条形码 | 馆藏地/架位号 | 状态 | 备注 |
| 1 | 359936 | 203599365 | 自科库401/401自科库 32排2列4层/ [索取号:Q81-61/L630] | 在馆 | |
| 2 | 359937 | 203599374 | 自科库401/401自科库 32排2列4层/ [索取号:Q81-61/L630] | 在馆 |